[Event "COL-chT (Women)"]
[Site "Santa Marta"]
[Date "2022.11.05"]
[Round "7.2"]
[White "Aparicio Hernandez, Ingrid Suliani"]
[Black "Cardona Martinez, Lina Sofia"]
[Result "0-1"]
[WhiteElo "1694"]
[BlackElo "1864"]
[PlyCount "40"]
[EventDate "2022.11.02"]
[EventType "team-swiss"]
[EventRounds "7"]
[EventCountry "COL"]
[SourceTitle "CBM 211 Extra"]
[Source "ChessBase"]
[SourceDate "2023.01.31"]
[SourceVersion "1"]
[SourceVersionDate "2023.01.31"]
[SourceQuality "1"]
[WhiteTeam "Magdalena (W)"]
[BlackTeam "Caldas (W)"]
[WhiteTeamCountry "COL"]
[BlackTeamCountry "COL"]

1. e4 c5 2. Nf3 Nc6 3. Bc4 e6 4. 0-0 Qc7 5. d4 cxd4 6. Nxd4 a6 7. Nf3 Nf6 8. Nc3 b5 9. Bd3 Be7 10. b3 Bb7 11. Bb2 0-0 12. Ne2 Rab8 13. Ng3 d6 14. Re1 Rfd8 15. e5 dxe5 16. Bxe5 Nxe5 17. Nxe5 Bd6 18. Qe2 Nd5 19. Nf3 Nf4 20. Qd1 Nxd3 0-1

[Event "COL-chT (Women)"]
[Site "Santa Marta"]
[Date "2022.11.03"]
[Round "2.2"]
[White "Aparicio Hernandez, Ingrid Suliani"]
[Black "Rojas Castillo, Andrea Lizeth"]
[Result "0-1"]
[WhiteElo "1694"]
[BlackElo "1666"]
[PlyCount "81"]
[EventDate "2022.11.02"]
[EventType "team-swiss"]
[EventRounds "7"]
[EventCountry "COL"]
[SourceTitle "CBM 211 Extra"]
[Source "ChessBase"]
[SourceDate "2023.01.31"]
[SourceVersion "1"]
[SourceVersionDate "2023.01.31"]
[SourceQuality "1"]
[WhiteTeam "Magdalena (W)"]
[BlackTeam "Boyaca (W)"]
[WhiteTeamCountry "COL"]
[BlackTeamCountry "COL"]

1. e4 c5 2. Nf3 e6 3. Bc4 d6 4. Nc3 Nf6 5. d3 a6 6. a3 Be7 7. 0-0 0-0 8. Ba2 b5 9. Be3 Bb7 10. Qd2 d5 11. exd5 exd5 12. Bg5 c4 13. dxc4 dxc4 14. Qxd8 Rxd8 15. Rad1 Nc6 16. Rxd8+ Rxd8 17. Bxf6 Bxf6 18. b3 Bxc3 19. bxc4 bxc4 20. Bxc4 Nd4 21. Ng5 Bd5 22. Bxa6 h6 23. Nh3 Ra8 24. Bd3 Rxa3 25. Nf4 Be6 26. Rb1 Ra1 27. Rxa1 Bxa1 28. c4 g5 29. Nh5 Kf8 30. Nf6 Nf3+ 31. gxf3 Bxf6 32. Kg2 Ke7 33. Kf1 Kd6 34. Ke2 Kc5 35. Kd2 Bxc4 36. Bxc4 Kxc4 37. Ke2 Kd4 38. Kf1 Ke5 39. Kg2 Kf4 40. Kg1 Kxf3 41. Kf1 0-1